China in the indian ocean : (Record no. 152214)

MARC details
000 -LEADER
fixed length control field 00689nam a22001937a 4500
005 - DATE AND TIME OF LATEST TRANSACTION
control field 20180523105951.0
010 ## - LCCN (DPL NO)
LC control number ENG-123079
020 ## - INTERNATIONAL STANDARD BOOK NUMBER
International Standard Book Number 9789386618368
Terms of availability 1495.00
035 ## - SYSTEM CONTROL NUMBER
System control number EN-106611
037 ## - SOURCE OF ACQUISITION
Source of stock number/acquisition DBAD/PUB
082 ## - DEWEY DECIMAL CLASSIFICATION NUMBER
Classification number 382.091824
100 ## - MAIN ENTRY--PERSONAL NAME
Personal name Rajesh, M.H.
245 ## - TITLE STATEMENT
Title China in the indian ocean :
Statement of responsibility, etc by M.H. Rajesh
Remainder of title one ocean, many strategies /
260 ## - PUBLICATION, DISTRIBUTION, ETC. (IMPRINT)
Place of publication, distribution, etc New Delhi
Name of publisher, distributor, etc Pentagon Press
Date of publication, distribution, etc 2018
270 ## - ADDRESS
Address 206,Peacock Lane, Shahpur Jat,
City New Delhi
Postal code 110049
Telephone number 011-64706243, 26491568
Fax number 011-26490600
Electronic mail address ranjan@pentagonpress.in
300 ## - PHYSICAL DESCRIPTION
Extent xxiv, 346p.
Dimensions 23cm(Hb)
Other physical details ill.
500 ## - GENERAL NOTE
General note It include bibliography and index
942 ## - ADDED ENTRY ELEMENTS (KOHA)
Source of classification or shelving scheme Dewey Decimal Classification
Item type English Books
Classification part 382.091824
Call number suffix RAJ
Holdings
Withdrawn status Lost status Not for loan Collection code Home library Current library Date acquired Source of acquisition Cost, normal purchase price Full call number Barcode Copy number Cost, replacement price Koha item type
    Not For Loan Non-fiction D.B.Act.Division Patel Nagar 23/05/2018 DBAD/PUB 1495.00 382.091824 RAJ EN-106611 1 1495.00 English Books

© Delhi Public Library
Hit Counter
free hit counter